Cultural theory; classical and contemporary positions (Record no. 45666)
[ view plain ]
| 000 -LEADER | |
|---|---|
| fixed length control field | 007520000a22003010004500 |
| 082 ## - DEWEY DECIMAL CLASSIFICATION NUMBER | |
| Classification number | 306 |
| Item number | Ed98c |
| 020 ## - INTERNATIONAL STANDARD BOOK NUMBER | |
| International Standard Book Number | 978-0-7619-4863-6 |
| 041 ## - LANGUAGE CODE | |
| Language code of text/sound track or separate title | Eng |
| 005 - DATE AND TIME OF LATEST TRANSACTION | |
| control field | 20120907085444.0 |
| 100 ## - MAIN ENTRY--PERSONAL NAME | |
| Personal name | Edwards, Tim, ed. |
| 245 ## - TITLE STATEMENT | |
| Title | Cultural theory; classical and contemporary positions |
| 260 ## - PUBLICATION, DISTRIBUTION, ETC. (IMPRINT) | |
| Place of publication, distribution, etc | Los Angeles |
| Name of publisher, distributor, etc | Sage Publications, USA |
| 260 ## - PUBLICATION, DISTRIBUTION, ETC. (IMPRINT) | |
| Date of publication, distribution, etc | 2007 |
| 300 ## - PHYSICAL DESCRIPTION | |
| Extent | x, 284p. |
| Other physical details | illus. |
| 518 ## - DATE/TIME AND PLACE OF AN EVENT NOTE | |
| Date/time and place of an event note | 2008-08-26 |
| 530 ## - ADDITIONAL PHYSICAL FORM AVAILABLE NOTE | |
| Additional physical form available note | M |
| 500 ## - GENERAL NOTE | |
| General note | Bibliography at the end of each chapter |
| 650 ## - SUBJECT ADDED ENTRY--TOPICAL TERM | |
| Topical term or geographic name as entry element | Culture |
| 650 ## - SUBJECT ADDED ENTRY--TOPICAL TERM | |
| Topical term or geographic name as entry element | Humanism |
| 650 ## - SUBJECT ADDED ENTRY--TOPICAL TERM | |
| Topical term or geographic name as entry element | Sociology |
| 650 ## - SUBJECT ADDED ENTRY--TOPICAL TERM | |
| Topical term or geographic name as entry element | Death |
| 650 ## - SUBJECT ADDED ENTRY--TOPICAL TERM | |
| Topical term or geographic name as entry element | Citizenship |
| 650 ## - SUBJECT ADDED ENTRY--TOPICAL TERM | |
| Topical term or geographic name as entry element | Cultural sociology |
| 650 ## - SUBJECT ADDED ENTRY--TOPICAL TERM | |
| Topical term or geographic name as entry element | Feminism |
| 650 ## - SUBJECT ADDED ENTRY--TOPICAL TERM | |
| Topical term or geographic name as entry element | Cultural citizenship |
| 650 ## - SUBJECT ADDED ENTRY--TOPICAL TERM | |
| Topical term or geographic name as entry element | Cultural analysis |
| 942 ## - ADDED ENTRY ELEMENTS (KOHA) | |
| Koha item type | General Collections |
| Withdrawn status | Lost status | Source of classification or shelving scheme | Damaged status | Not for loan | Home library | Current library | Shelving location | Date acquired | Total Checkouts | Full call number | Barcode | Date last seen | Date checked out | Price effective from | Koha item type |
|---|---|---|---|---|---|---|---|---|---|---|---|---|---|---|---|
| Dewey Decimal Classification | Tribhuvan University Central Library | Tribhuvan University Central Library | New Building | 06/20/2010 | 5 | 306 Ed98c | 133592 | 04/22/2024 | 01/04/2024 | 06/20/2010 | General Collections |
